00431nam a2200145Ia 4500008004100000082000900041100002000050245002700070260001700097630002700114730002700141942000900168999001900177952008900196100328s9999 xx 000 0 und d b1801 aBlavatsky H. D. aThe Secret Doctrine-VI bTheosophical aThe Secret Doctrine-VI aThe Secret Doctrine-VI cBOOK c498049d498046 00104070aRNVbRNVd2010-03-28l0pRNV-1801r2010-03-28 00:00:00w2010-03-28yBOOK